000 00567nam a22002177a 4500
003 UA-OsUOA
001 47909
007 ta
008 20070823b un ||||| |||| 00| 0 ukr d
090 _a82.09
_bС48
942 _cBK
040 _aUA-OsUOA
_bukr
_cUA-OsUOA
_dUA-OsUOA
245 _aСлов'янські літератури
300 _a229 с.
955 _a2
041 _aukr
080 _a82.09
260 _aК.
_bНаукова думка
_c1988
650 7 _a82 Література. Літературознавство
_2UDC
999 _c333998
_d333998